书目信息

书名: 机动风暴1 
作者: 骷髅精灵
出版信息: 长沙   湖南少年儿童出版社  2013
开本页数: 24cm  282页
丛书名:
单 册:
中图分类: I2405
科图分类:
主题词: 科学幻想小说--ke xue huan xiang xiao shuo--中国--现代
电子资源:
ISBN: 978-7-5358-9256-0
000 01064nam0 2200241 45
001 012013000000
005 20131114121212.0
010    @a978-7-5358-9256-0@dCNY26.00
100    @a20131114d2013 em y0chiy50 ea
101 @achi
102    @aCN@b430000
105    @ay z 000ay
106    @ar
200 @a机动风暴@Aji dong feng bao@h1@f骷髅精灵著
210    @a长沙@c湖南少年儿童出版社@d2013
215    @a282页@d24cm
314    @a骷髅精灵,起点中文网白金作家,新派科幻机甲流小说开创者。著有《猛龙过江》、《海王祭》、《机动风暴》、《界王》、《武装风暴》等长篇玄幻小说。
330    @a玛雅文明就像以前那个想成为太阳的皇帝一样泯灭了,同时引起了星际大爆炸,连锁的能量反应让整个位面陷入了毁灭的边缘,而无法用数字计算的能量风暴也影响到了平行空间的通道。一个金色的,可以忽略不计的小圆点在摧毁的边缘忽然消失了,当它再次出现的时候,眼前是一个蔚蓝的星球……
606 @a科学幻想小说@Ake xue huan xiang xiao shuo@y中国@z现代
690    @aI2405@v5
701  0 @a骷髅精灵@Aku lou jing ling@4著
801  0 @aCN@bCDNYKJZYXY@c20131114
905    @aCDNYKJZYXY@dI2405@e8@f5
    
    机动风暴.1/骷髅精灵著.-长沙:湖南少年儿童出版社,2013
    282页;24cm
    
    
    ISBN 978-7-5358-9256-0:CNY26.00
    玛雅文明就像以前那个想成为太阳的皇帝一样泯灭了,同时引起了星际大爆炸,连锁的能量反应让整个位面陷入了毁灭的边缘,而无法用数字计算的能量风暴也影响到了平行空间的通道。一个金色的,可以忽略不计的小圆点在摧毁的边缘忽然消失了,当它再次出现的时候,眼前是一个蔚蓝的星球……
相关链接 在五车中查询图书 在当当中查询图书 在豆瓣中查询图书


正题名:机动风暴     索取号:I2405/8         预约/预借

序号 登录号 条形码 馆藏地/架位号 状态 备注
1 455411   300455411   柳城-3楼/23架7列2层/ [索取号:I2405/8] 在馆    
2 455412   300455412   柳城-3楼/23架7列2层/ [索取号:I2405/8] 在馆    
3 455413   300455413   流通一库三楼/ [索取号:I2405/8] 在馆    
4 455414   300455414   海科密-1楼/33架8列4层/ [索取号:I2405/8] 在馆    
5 455415   300455415   柳城-3楼/23架7列2层/ [索取号:I2405/8] 在馆